<?xml version="1.0" encoding="UTF-8"?>
<record
    xmlns:xsi="http://www.w3.org/2001/XMLSchema-instance"
    xsi:schemaLocation="http://www.loc.gov/MARC21/slim http://www.loc.gov/standards/marcxml/schema/MARC21slim.xsd"
    xmlns="http://www.loc.gov/MARC21/slim">

  <leader>00553nam a2200145   4500</leader>
  <controlfield tag="008">151026b        xxu||||| |||| 00| 0 eng d</controlfield>
  <datafield tag="020" ind1=" " ind2=" ">
    <subfield code="a">0813920574</subfield>
  </datafield>
  <datafield tag="050" ind1=" " ind2=" ">
    <subfield code="a">AFR DT 365.65 .E37 1998</subfield>
  </datafield>
  <datafield tag="100" ind1=" " ind2=" ">
    <subfield code="a">Ehret, Christopher.</subfield>
    <subfield code="d">1998.</subfield>
  </datafield>
  <datafield tag="245" ind1=" " ind2=" ">
    <subfield code="a">An african classical age:</subfield>
    <subfield code="b">Eastern &amp; southern Africa in world history, 1000 B.C. to A.D. 400.</subfield>
    <subfield code="c">Christopher Ehret.</subfield>
  </datafield>
  <datafield tag="260" ind1=" " ind2=" ">
    <subfield code="a">USA;</subfield>
    <subfield code="b">University press of virginia,</subfield>
    <subfield code="c">1998.</subfield>
  </datafield>
  <datafield tag="300" ind1=" " ind2=" ">
    <subfield code="a">xvii, 354 p. </subfield>
  </datafield>
  <datafield tag="650" ind1=" " ind2=" ">
    <subfield code="a">History.</subfield>
  </datafield>
  <datafield tag="942" ind1=" " ind2=" ">
    <subfield code="2">lcc</subfield>
    <subfield code="c">SH_L_BOOKS</subfield>
    <subfield code="h">AFR DT 365.65 .E37 1998</subfield>
  </datafield>
  <datafield tag="999" ind1=" " ind2=" ">
    <subfield code="c">9328</subfield>
    <subfield code="d">9328</subfield>
  </datafield>
  <datafield tag="952" ind1=" " ind2=" ">
    <subfield code="0">0</subfield>
    <subfield code="1">0</subfield>
    <subfield code="2">lcc</subfield>
    <subfield code="4">0</subfield>
    <subfield code="7">0</subfield>
    <subfield code="a">MUC</subfield>
    <subfield code="b">MUC</subfield>
    <subfield code="c">AFR</subfield>
    <subfield code="d">2015-10-26</subfield>
    <subfield code="l">2</subfield>
    <subfield code="o">AFR DT 365.65 .E37 1998</subfield>
    <subfield code="p">17046</subfield>
    <subfield code="r">2021-11-16</subfield>
    <subfield code="s">2021-11-16</subfield>
    <subfield code="w">2015-10-26</subfield>
    <subfield code="y">AFRICANA</subfield>
  </datafield>
  <datafield tag="952" ind1=" " ind2=" ">
    <subfield code="0">0</subfield>
    <subfield code="1">0</subfield>
    <subfield code="2">lcc</subfield>
    <subfield code="4">0</subfield>
    <subfield code="7">0</subfield>
    <subfield code="a">MUC</subfield>
    <subfield code="b">MUC</subfield>
    <subfield code="d">2015-10-26</subfield>
    <subfield code="l">2</subfield>
    <subfield code="o">AFR DT 365.65 .E37 1998</subfield>
    <subfield code="p">17045</subfield>
    <subfield code="r">2023-11-14</subfield>
    <subfield code="s">2023-11-14</subfield>
    <subfield code="w">2015-10-26</subfield>
    <subfield code="y">SH_L_BOOKS</subfield>
  </datafield>
  <datafield tag="952" ind1=" " ind2=" ">
    <subfield code="0">0</subfield>
    <subfield code="1">0</subfield>
    <subfield code="2">lcc</subfield>
    <subfield code="4">0</subfield>
    <subfield code="7">0</subfield>
    <subfield code="a">MUC</subfield>
    <subfield code="b">MUC</subfield>
    <subfield code="d">2015-10-26</subfield>
    <subfield code="l">1</subfield>
    <subfield code="o">AFR DT 365.65 .E37 1998</subfield>
    <subfield code="p">17047</subfield>
    <subfield code="r">2019-09-28</subfield>
    <subfield code="s">2019-09-28</subfield>
    <subfield code="w">2015-10-26</subfield>
    <subfield code="y">SH_L_BOOKS</subfield>
  </datafield>
</record>
